00523cam a22002051 4500001001300000003000400013005001700017008004100034010001700075035002000092040001800112042001200130050002100142100002500163245003900188260003600227300001900263500001800282999001700300sa 67005738 DLC20260227112400.0891005s1966 xx 000 0 malo  asa 67005738  a(OCoLC)20445074 aDLCcWaUdDLC apremarc00aPL4718.9.G42bE51 aGeorge, Manakkunnel.10aEnr̲e maṇṇȧ ; enr̲e makan. a[n. p.]bD. Kuthiathode,c1966. a136 p.c19 cm. aIn Malayalam. c75410d75410